00700nam a2200229 a 4500001001300000003000900013005001700022008004100039020000900080082001700089100003900106245006200145260003800207300000900245500003500254505001000289650002300299902000800322942000700330952011600337999001700453nice12345678IN_TiNIC20260116014001.0050524s1997 hyda grp 000 0 eng  ac4000a297.122bHAS aHasrat Mohd Abdul, Qadeer Siddiqui aException Preservation and Non-Abrogation of Holy Qur`an. aHyderabadbIzzat Pub. Housec1997 a48p. aincludes index and biblioraphy2 aNotes aQuran-Appreciation bSRS cBK 001040708StackRoom-aHMIbHMId2010-07-27g40.00l0o297.122 HASp019463r2010-07-27v40.00w2005-05-24yBK c13368d13368